| 000 | 00349cam a22001217a 4500 | ||
|---|---|---|---|
| 008 | 180718b1977 xxu||||| |||| 00| 0 eng d | ||
| 082 | _aA75 M278AK | ||
| 245 |
_aMaharashtra state gazetteers: Akola _cedited by B.G. Kunte |
||
| 260 |
_aBombay _bGazetteers Department _c1977 |
||
| 300 | _a1171+p. | ||
| 650 | _aAkola - Gazetteers | ||
| 700 | _aKunte, B.G. | ||
| 999 |
_c486515 _d486515 |
||